|
|
|
|
| LEADER |
01254nam a2200289 a 4500 |
| 001 |
GR-Patra9030 |
| 008 |
991022s19uu gr 000 0 gre d |
| 040 |
|
|
|a GrPaTEI
|b gre
|c GR-PaULI
|
| 245 |
0 |
2 |
|a Η τεχνική της άμεσης επικοινωνίας.
|
| 260 |
|
|
|a Αθήνα :
|b Γαλαίος,
|c [19--]
|
| 300 |
|
|
|a 72σ. :
|b εικ.
|
| 490 |
1 |
|
|a Τετράδια Μάνατζμεντ
|
| 504 |
|
|
|a Βιβλιογραφία: σ.72
|
| 650 |
|
4 |
|a ΔΙΟΙΚΗΣΗ ΚΑΙ ΟΡΓΑΝΩΣΗ
|
| 650 |
|
4 |
|a ΔΙΟΙΚΗΣΗ ΚΑΙ ΟΡΓΑΝΩΣΗ
|
| 650 |
|
4 |
|a Επικοινωνία
|
| 650 |
|
4 |
|a Επικοινωνία στη διοίκηση και οργάνωση
|
| 700 |
1 |
|
|a Ανδρίωτης, Γιάννης Μ.
|
| 700 |
1 |
|
|a Μαντές, Γ. Α.
|
| 700 |
1 |
|
|a Παπαδόπουλος, Ν. Γ.
|
| 700 |
1 |
|
|a Χαδιαράκος, Ηλίας Δ.
|
| 710 |
0 |
|
|a Γαλαίος
|
| 830 |
|
0 |
|1 00112109
|1 2001
|a Τετράδια Μάνατζμεντ
|
| 942 |
|
|
|2 ddc
|
| 952 |
|
|
|0 0
|1 0
|2 ddc
|4 0
|6 658_450000000000000_ΧΑΔ
|7 0
|9 289940
|a LISK
|b LISK
|c BSC
|d 2021-01-17
|e 24
|f 0
|g 0.00
|l 0
|o 658.45 ΧΑΔ
|p 92410030650
|r 2021-01-17 00:00:00
|t 1
|w 2021-01-17
|y BK15
|x 20070424 0 1
|x GrPaTEI
|
| 971 |
|
|
|a .b26565456
|b 16-04-20
|c 23-09-16
|
| 999 |
|
|
|c 169226
|d 169226
|